[Event "HCL-A111"]
[Site "www.playchess.de"]
[Date "2001.04.10"]
[Round "5"]
[White "janus"]
[Black "ippuli"]
[WhiteElo "1859"]
[BlackElo "1700"]
[PlyCount "73"]
[Result "1-0"]

1.e4 {Good luck for you and a fine game !!!}  e5 
{Thanks! This is my 1st tournee here.}  2.f4 {Ok - 
then I choose an opening of the "old" masters - 
the kings gambit !!}  Bc5 {why did i mis studing 
of this???}  3.Nf3 {I don´t no it - but you play 
thr defense of Bobby Fischer - great !!}  d6 {I'm 
sure that i can make some kind of (losing) gambit 
here. That's one of my bad habits in chess.}  
4.Bc4 {Don´t be sad - I had to learn this gambit 
on the hard way *smile* !!}  Nf6 {Many of my games 
are so fun that there really is good reason to 
smile, even laugh! ;-)}  5.d3 {I like your humor - 
till saturday, cause tomorrow I am at the 
CeBIT-mess. Good night !!}  Ng4 {I had many good 
moves in my mind, but i decided to do this. Lets 
see what happens! hyvää yötä !!}  6.Qe2 {And I 
think, that Qe2 is my best "return" - many 
greetings !!!}  Bf2+ {Thanks! One friend says that 
"always check, it can be mate", hmmm... not now!! 
:-(}  7.Kd1 {That´s funny - but I hope, that the 
mate is still waiting ;-)) !!}  Bb6 {Okay, no mate 
yet! It would be too quick ending to the 
grandmastergame like this. Agree??}  8.Rf1 {I´m 
agree - let´s fight and see *smile* !!!}  Nc6 
{many chessmaster says that attack is best defence 
so i try to think so. Colourfull game coming....}  
9.h3 {I think so too - your attack is ended ???}  
Nf6 10.fxe5 Nxe5 {I was sick few days and didn't 
play because i haven't the internet in home. Sorry 
this long waiting!}  11.Nxe5 {No problem - I´m 
enjoy to continue our thrilling game !!}  dxe5 {Me 
too! You must remember that my flu did me very 
weak, that bad moves are maybe natural...??  ;-D}  
12.Bg5 {But perhaps you can rescue the game with 
strong moves ;-)) ?!}  h5 {Yep, but i hope that 
you have more to rescue than me. Only time will 
show...........................}  13.Qf3 {Yes - we 
will play, hope and see *smile* !!}  Be6 {Ought!! 
That i didn't see at all. You'll get some material 
now! Byääää}  14.Bxe6 {I hope, that my attack is 
strong enough for getting some material - but I´m 
not sure !!}  fxe6 {You have nothing to worry 
about, your attack seems very strong to me but 
don't be too greed!!!   :-|}  15.Nd2 {Oh no - I´m 
not greed and so first I play Nd2 and I´m waiting 
for your answer ;-)) !}  Bc5 {And here it is!! Not 
great but "best" that i can at this moment and 
pressure!!!  :=D}  16.Kc1 {Your move was very good 
- I have to bring my king in safety first !}  Be7 
{Good morning! And now i think that my knight 
needs some protection.}  17.Qg3 {Yes - I Think, 
that was the correct move ! It´s a thrilling fight 
!!}  Qd7 {Hi! This move was very difficult but i 
count that protecting e5 would be too expencive to 
me. Ou jee}  18.Nf3 {You are right - now I attack 
the pawn and I hope, I can get him ?!}  O-O-O 
{Perhaps you get more than one pawn, but now it's 
my turn to safe my king! jipii,weekend coming! 
d:-D}  19.Nxe5 {I hope so *smile* ! How long are 
you online today ??}  Nxe4 {Caramba!!!! I can only 
play from work, usually daytime. I got pawn, too. 
Heh heh...}  20.dxe4 {You´ve got a pawn and I beat 
your night - a good change *smile* !!}  Bxg5+ {I 
hope that my Knight "died" for a good reason. If 
not, i'll be in trouble but still *smiling* !!}  
21.Qxg5 {Humor ist one of the most important thing 
in chess - I like it very much !!!}  Rhf8 {You 
speak very wisely! Now it's maybe time to let my 
Queen go !! ;-()}  22.Nf3 {A nice trap of you - 
but i`ve seen it *smile* - my night must return 
!!}  g6 {Himmel, you seems to see everything. 
Would you want to have another pawn ?? I quess 
not....}  23.a3 {Not yet - it´s time for a hole 
for my king - I take the pawn later ;-)) !!}  Qc6 
{Perhaps i have no hope of beating you but i'll 
try to get some pressure to you. ¤:=p}  24.Re1 
{Your pressure is very strong, but still I have an 
answer ;-)) !!}  Qb6 {My only chance is to wait 
your mistake if it's coming at all. §;-/}  25.b3 
{Yes - the hope dies finally ;-)) - now it´s time 
to prepare the mate-attack !!}  Rd6 {You are 
absolutely right, like always. It's really a time 
to........}  26.Kb2 {Time to give up - oh no, 
please !! It´s a fantastic game of us !!}  Rc6 
{"To give up", what great humourman you are. It's 
time to revenge. Banzai!!!}  27.Rad1 {Ok - i´m 
waiting for your "killermove" :-)) ! Do you speak 
a little german ??}  Rd6 {Yes, so little that it's 
no use. I was in gemany '88 and '90 on holiday 
with car. "Zwei pils, Bitte"}  28.Qxg6 {That´s the 
most important sentence *smile* !! Now I take the 
pawn and wait for your answer ;-) !!}  Qc5 {I 
don't give you h5 because i need it for promotion! 
;¤D .Zwei bratwurst mit pommes frites und Fanta}  
29.Rxd6 {Ok - then I take the rock ! You speak 
german very well - much better than I can speak 
finnish ;-)) !}  Qxd6 {Okay, take h5! I have maybe 
no hope, but it's nice to have chat with you! (and 
wait for mistake):-D}  30.Qxh5 {It´s nice for me 
too !!! Where do you live - near Helsinki ?}  Qg3 
{No, in Oulu. Where you, near Berlin?? Why 
wouldn't you give me g2, please, please....???}  
31.Qe5 {I live near by Frankfurt. Ok - I give you 
g2 and what can I get of you ??}  Qxg2 {Thank you, 
it's been long time since i've eaten something! I 
suppose that you take e6? Or maybe....}  32.Ng5 
{Not yet - first my knight have to spring forward 
and wants to eat your rock ;-)) !}  Qf2 {Wellcome, 
be my quest!! You seem to be very hungry, Because 
you want to eat anything.   q:-))}  33.Qxe6+ {Yes 
- I´m really very hungry - specially to pawns and 
rocks and kings ;-)) !!!}  Kb8 {With long counting 
i decided that this is best move for me in this 
beautiful situation. :)}  34.Rd1 {Why didn´t you 
play Kd8 - that was a very good move (for me) :-)) 
?!}  b6 {I almost did. But then i figured that my 
king needs some air, too! Then i'll attack!! ;=))} 
 35.Qc6 {Your king wants to disappear - oh no, I 
want to catch him :-)) !!}  Qf6+ {This is your 
lucky day! I am ready to give you a draw. Okay??  
;=D)}  36.Qxf6 {Not at once - 27 moves later we 
can speak about it ;-))) !!}  Rxf6 {Yes! And that 
time we speak about something else. How is weather 
in Germany?}  37.h4 {Very bad - it´s raining the 
whole day ! Do we want to finish our game today 
;-)) ??}  1-0

[Event "HCL-A111"]
[Site "www.playchess.de"]
[Date "2001.04.10"]
[Round "8"]
[White "ippuli"]
[Black "Jeff_Foster"]
[WhiteElo "1700"]
[BlackElo "1464"]
[PlyCount "37"]
[Result "1-0"]

1.e4 {Hello! I hope we'll have good game.}  e5 {Me 
too, Good luck!}  2.d4 {Yippee, Gambit!}  exd4 {If 
in doubt - accept, that's my motto :)}  3.c3 {Very 
good motto as we say here in Finland "kimppuun 
vaan, perkele!"}  dxc3 4.Bc4 cxb2 5.Bxb2 {You 
really are taking everything you can!! how could i 
get some material back??  :=(}  d5 {I just want to 
exchange everything off and get to an endgame!}  
6.Bxd5 {Jee, i just got one pawn back. Where's an 
other hiding....}  Nf6 7.Nc3 {Ought! Look's like 
you know all my tricks!!}  Nxd5 8.Nxd5 {argh!!}  
Nd7 9.Nf3 c6 10.Ne3 Nc5 11.Nd4 Nxe4 12.Qc2 Bb4+ 
13.Ke2 {OK, i leave my king to the center were you 
can quickly attack him.}  Nf6 {I'll stick to my 
plan of exchange and win the endgame :)}  14.Rhd1 
{Actually, i don't want you to get very good 
result in that. Game is getting harder after every 
move!}  Qc7 15.Qc4 Be7 16.Nf3 Be6 17.Qc3 O-O 
18.Nd5 cxd5 19.Qxc7 {Maybe you have counted this 
better than me, but still i watch this!} 
 1-0

[Event "HCL-A111"]
[Site "www.playchess.de"]
[Date "2001.04.10"]
[Round "10"]
[White "janus"]
[Black "Jeff_Foster"]
[WhiteElo "1859"]
[BlackElo "1464"]
[PlyCount "41"]
[Result "1-0"]

1.e4 {Good luck for you and a fine game !!}  e5 
{You too!  Good luck!}  2.f4 {I choose an opening 
of the old masters - the kings gambit !!}  exf4 
{And I'll try and refute it ;p}  3.Nf3 {Ok - let´s 
have a hard and fair fight *smile* !!}  d6 4.d4 g5 
5.h4 g4 6.Ng1 Bh6 7.Ne2 Qf6 8.Nbc3 c6 9.g3 f3 
10.Nf4 Qe7 11.Kf2 Nd7 12.Bd3 b5 13.d5 Bxf4 14.Bxf4 
b4 15.dxc6 bxc3 16.cxd7+ Bxd7 17.bxc3 Rc8 18.Qe1 
Nf6 19.e5 dxe5 20.Qxe5 O-O 21.Qxe7 1-0

[Event "HCL-C254"]
[Site "www.playchess.de"]
[Date "2001.04.10"]
[Round "5"]
[White "MEATHEAD"]
[Black "citywolf"]
[WhiteElo "1083"]
[BlackElo "1000"]
[PlyCount "153"]
[Result "1/2-1/2"]

1.d4 {lets get it on!!!}  d5 {my bet: u win ;o) 
(wow, a good way to start, hm?)}  2.e3 Nf6 3.c3 
Bg4 4.f3 Bf5 5.Qa4+ c6 6.g4 b5 7.Qd1 Bxb1 8.Rxb1 
Nbd7 9.b4 e5 10.Nh3 Bd6 11.g5 O-O 12.gxf6 Nxf6 
{lets have some fun :o))}  13.Rg1 exd4 14.Qd2 Qe7 
{hm, nice idea!}  15.Qg2 Nh5 {still a nice 
idea...}  16.cxd4 a5 {might be that i will be off 
b4 ur reply -> i not on tomorrow, cu on wednesday! 
bye}  17.Nf4 g6 {ok, im off now! bye}  18.Nxh5 
Qh4+ 19.Ng3 Rfe8 20.a3 Bf4 21.Rb2 Bxe3 22.Bxe3 
Rxe3+ 23.Kf2 Rae8 24.Rd2 g5 25.Re2 Qxd4 26.Ke1 
Qa1+ 27.Kf2 axb4 {what bout a draw? half points 
for each - easier than fighting till the end ;o))} 
 28.Rxe3 {a draw? perhaps, but for now, i'm 
hungry...hmmmm}  Qd4 {i thought u r on diet!? ;o) 
(btw: do u manage SOO many games parallel?? more 
than 40 games?)}  29.Ne2 Qxe3+ 30.Ke1 h6 {there is 
still the offer for a draw; or u give up ;o) but 
with a draw u have at least a half point!}  31.Qf2 
d4 32.Qxe3 Rxe3 33.Kf2 c5 34.axb4 cxb4 35.Nxd4 Re5 
36.f4 Rd5 37.Nxb5 Rd1 38.fxg5 Rd2+ 39.Ke3 Rxh2 
40.gxh6+ Kh7 41.Rg7+ Kxh6 {and u r sure u dont 
want to give up? hihi}  42.Rxf7 {nice idea, 
but......uh.....no. i'm hungry, hmmmmmm.}  b3 
{pah. i have to realize that hypnotizing over such 
a distance doesnt work. sigh.}  43.Rf6+ Kg5 {u r 
getting tired ... tired ... u want to sleep my boy 
... ah, no - u want to give up my boy ...}  44.Rc6 
Rc2 45.Nd4 b2 {gn8 for now - i leave work (it is 
11:52pm here) bye}  46.Rb6 b1Q {%}  47.Rxb1 
{hmmmmm, yummy , yummy!}  Rc3+ {take care of not 
hurting ur tommy with my queens crown ;o)}  48.Kd2 
{your time here is coming to an end.}  Rg3 {the 
end of the time can be the birth of a new...(wow) 
- u should have accepted my draw-offer...}  
49.Rb5+ Kg4 50.Be2+ Kf4 51.Ne6+ Ke4 52.Rb4+ Ke5 
53.Nc7 Rg8 54.Rb5+ Kd6 55.Na6 Kc6 56.Rb3 Rd8+ 
57.Kc2 Rd6 {i have the feeling that the position 
wasnt correctly refreshed! have u ever experienced 
such?}  58.Bf3+ {PERHAPS, BUT I DONT THINK IT 
HAPPENED THIS TIME.}  Kd7 {shouldnt sound like an 
excuse! just wanted to know if this happens 
often...}  59.Nc5+ Kc7 60.Rb7+ Kd8 61.Kb3 Kc8 
62.Bg4+ Kd8 63.Ra7 Rb6+ 64.Ka4 Rf6 65.Ne6+ Rxe6 
{dont u think this here is going to be very 
boring?}  66.Bxe6 {now i got your pesty little 
rook, yummy!}  Ke8 {oh, all i wanted was to get 
one piece from u for it. dont forget - the king 
alone gets easily a draw}  67.Kb5 Kf8 68.Kc6 Ke8 
69.Rd7 Kf8 70.Bf5 Ke8 71.Bg6+ Kf8 72.Kd6 Kg8 
73.Rf7 Kh8 74.Ke7 {checkmate in 3}  Kg8 {praying 
for a server-breakdown ... ;o)}  75.Ke8 Kh8 
76.Rh7+ Kg8 {last chance for u to agree to the 
draw-offer ;o)}  77.Ke7 {ok, i'm tired of this 
chasing}  1/2-1/2

[Event "HCL-E032"]
[Site "www.playchess.de"]
[Date "2001.04.10"]
[Round "1"]
[White "Stan"]
[Black "Muldon"]
[WhiteElo "2000"]
[BlackElo "2000"]
[PlyCount "27"]
[Result "1-0"]

1.e4 {Hello,and good luck!}  e5 2.Nc3 Nf6 3.Bc4 
Nc6 4.d3 Bb4 5.Bg5 O-O 6.Nge2 d6 7.O-O Re8 8.Nd5 
Bc5 9.Ng3 Nd4 10.Bxf6 gxf6 11.Nh5 Kh8 12.c3 Ne6 
13.Ndxf6 Rf8 14.Qg4 1-0

[Event "HCL-A112"]
[Site "www.playchess.de"]
[Date "2001.04.10"]
[Round "4"]
[White "One_i"]
[Black "deadeasy"]
[WhiteElo "1726"]
[BlackElo "1891"]
[PlyCount "44"]
[Result "1/2-1/2"]

1.d4 {Good luck to you from Canada}  c5 
{<handshake> from london}  2.e3 Nf6 3.Nf3 e6 4.Bd3 
Nc6 5.O-O d5 6.b3 Bd6 7.Bb2 O-O 8.Nbd2 cxd4 9.exd4 
b6 10.a3 Bb7 11.Ne5 Qc7 12.Qe2 Rfd8 13.f4 Rac8 
14.g4 Ne7 15.Rac1 Ng6 16.h3 Qe7 17.Nxg6 hxg6 18.a4 
Nd7 19.Rf2 Qh4 20.Rcf1 Nf6 21.Rg2 Qh8 22.Qe3 
Rde8 1/2-1/2

[Event "HCL-B259"]
[Site "www.playchess.de"]
[Date "2001.04.10"]
[Round "25"]
[White "PAO_4EVER"]
[Black "andersonmello"]
[WhiteElo "1200"]
[BlackElo "1200"]
[PlyCount "42"]
[Result "1/2-1/2"]

1.e4 e5 2.Nf3 Nc6 3.Bc4 Nf6 4.Nc3 h6 5.d3 d6 6.Be3 
a6 7.O-O Bg4 8.h3 Bh5 9.Qd2 Bxf3 10.gxf3 Nh5 11.f4 
Qh4 12.fxe5 Nxe5 13.Kg2 Nxc4 14.dxc4 g5 15.Nd5 
O-O-O 16.Qd4 g4 17.Qxh8 Qxh3+ 18.Kg1 g3 19.fxg3 
Qxg3+ 20.Kh1 Qh3+ 21.Kg1 Qg3+ 1/2-1/2

[Event "HCL-A116"]
[Site "www.playchess.de"]
[Date "2001.04.10"]
[Round "21"]
[White "easykiller"]
[Black "vrad"]
[WhiteElo "1676"]
[BlackElo "1890"]
[PlyCount "75"]
[Result "1/2-1/2"]

1.d4 {Hi from Slovakia}  d5 {Hello from Israel}  
2.Nf3 Nf6 3.c4 e6 4.g3 c6 5.Qc2 Bb4+ 6.Nbd2 O-O 
7.Bg2 dxc4 8.Qxc4 Qb6 9.O-O Nbd7 10.a3 Be7 11.b3 
c5 12.Bb2 Nd5 13.e4 N5f6 14.Rfe1 cxd4 15.Bxd4 Bc5 
16.b4 Bxd4 17.Qxd4 Qxd4 18.Nxd4 e5 19.Nb5 b6 
20.Rec1 a5 21.Nc4 Bb7 22.Ncd6 Ba6 23.Nc7 Ra7 
24.Nxa6 Rxa6 25.f3 axb4 26.axb4 Rxa1 27.Rxa1 Ne8 
28.Nxe8 Rxe8 29.Ra7 Nf8 30.Rb7 Re6 31.Kf2 Rc6 
32.Bf1 f6 33.Ke3 Ne6 34.Bd3 Nd4 35.f4 Kf8 36.h4 
Ne6 37.Rb8+ Ke7 38.Rb7+ 1/2-1/2

[Event "ACL-A138"]
[Site "www.playchess.de"]
[Date "2001.04.10"]
[Round "28"]
[White "Zynaps"]
[Black "jalal"]
[WhiteElo "1718"]
[BlackElo "1426"]
[PlyCount "75"]
[Result "1-0"]

1.e4 e6 2.d4 d5 3.Nd2 Nf6 4.e5 Nfd7 5.Bd3 c5 6.c3 
a5 {excellent job last time}  7.Ngf3 {Thanks, was 
a5 a computer move? Seems v.strange}  c4 {not at 
all.don,t have one. i spend not more than 5 
minutes per move.}  8.Be2 {That explains it, but 
you're SUPPOSED to use a computer.}  b5 {man is 
more creative}  9.b3 {That's true, but computers 
can play better chess than most of us.}  a4 {had a 
chess computer 10 years ago, and if keep loosing, 
will consider getting one.}  10.bxc4 {Wouldn't you 
be better sticking to the HCL until you do get a 
computer?}  bxc4 {perhaps after completing my 
first ACL.}  11.Rb1 Nc6 12.Qc2 Qa5 13.O-O Be7 
14.Re1 Qa7 15.Nf1 Nf8 16.Bg5 Ng6 17.Bxe7 Ngxe7 
18.Ne3 Bd7 19.a3 Na5 20.h4 h6 21.h5 Nb3 22.Nh2 Rc8 
23.g4 Bb5 24.Nhf1 g6 25.Ng3 g5 26.Bf3 Qd7 27.Bg2 
Kd8 28.Ref1 Kc7 29.f4 Ng8 30.f5 Ne7 31.fxe6 fxe6 
32.Rf7 Rcf8 33.Rbf1 Qe8 34.Qg6 Bd7 35.Nxd5+ Nxd5 
36.Bxd5 exd5 37.Qd6+ Kc8 38.R7xf8 1-0

[Event "HCL-E032"]
[Site "www.playchess.de"]
[Date "2001.04.10"]
[Round "9"]
[White "Mosca"]
[Black "Ole_Jacobsen"]
[WhiteElo "2100"]
[BlackElo "2000"]
[PlyCount "37"]
[Result "1-0"]

1.e4 e5 2.Nf3 Nc6 3.Bb5 Bc5 4.c3 Nf6 5.d4 exd4 
6.e5 Ng4 7.cxd4 Bb4+ 8.Nc3 a6 9.Ba4 b5 10.Bb3 O-O 
11.O-O Ne7 12.Bg5 h6 13.Bxe7 Bxe7 14.h3 d6 15.hxg4 
Bxg4 16.Qd3 c5 17.Bc2 g6 {very nice played}  
18.Nd5 c4 19.Qe3 1-0

[Event "ACL-A132"]
[Site "www.playchess.de"]
[Date "2001.04.10"]
[Round "12"]
[White "quant"]
[Black "Kimura"]
[WhiteElo "1500"]
[BlackElo "1664"]
[PlyCount "31"]
[Result "1/2-1/2"]

1.e4 e5 {Hi!}  2.Nf3 {hi}  Nc6 3.Bb5 f5 4.exf5 e4 
5.Qe2 Qe7 6.Bxc6 dxc6 7.Nd4 Qe5 8.Nb3 Bxf5 9.Nc3 
Bd6 10.Nd1 Nf6 11.Ne3 Be6 12.d3 exd3 13.cxd3 O-O 
14.d4 Qe4 15.O-O Rae8 16.f3 1/2-1/2

[Event "HCL-C264"]
[Site "www.playchess.de"]
[Date "2001.04.10"]
[Round "2"]
[White "trebli"]
[Black "Toady"]
[WhiteElo "999"]
[BlackElo "687"]
[PlyCount "58"]
[Result "0-1"]

1.e4 e5 2.Nc3 Nf6 3.d3 Bc5 4.Nf3 Nc6 5.Be2 O-O 
6.O-O Nd4 7.Be3 Nxe2+ 8.Qxe2 Bxe3 9.Qxe3 d6 
10.Rae1 c5 11.g3 Bh3 12.Ng5 Bxf1 13.Rxf1 h6 14.Nf3 
Qd7 15.a4 Qh3 16.Nd5 Nxd5 17.Qe2 Nf4 18.gxf4 Qh5 
19.h4 g5 20.fxg5 hxg5 21.Qe3 Qg4+ 22.Kh2 Qf4+ 
23.Kh3 g4+ 24.Kg2 Qxf3+ 25.Qxf3 gxf3+ 26.Kxf3 Rfe8 
27.h5 Re6 28.Rg1+ Kh7 29.Kg4 Rg8+ 0-1

[Event "HCL-B264"]
[Site "www.playchess.de"]
[Date "2001.04.10"]
[Round "2"]
[White "real1"]
[Black "GANT"]
[WhiteElo "1229"]
[BlackElo "1464"]
[PlyCount "42"]
[Result "0-1"]

1.c4 Nf6 2.Nc3 e6 {In wich state do you live? I 
live in lund it is a town next to Malmö.}  3.g3 d5 
4.d4 {new york}  c5 5.e3 cxd4 6.exd4 Bb4 7.Qa4+ 
Nc6 8.Bd2 Bd7 9.Nb5 {lets complicate things}  a6 
{Sure}  10.Nd6+ Bxd6 11.c5 Bc7 12.Nf3 {too 
complicated for me}  e5 13.Bd3 e4 14.Be2 Ne5 
15.Qb3 Nxf3+ 16.Bxf3 exf3 17.O-O Ne4 18.Rfe1 O-O 
19.Qxd5 Nxd2 20.Qxb7 Bb5 21.Red1 
Rb8 0-1

[Event "HCL-B253"]
[Site "www.playchess.de"]
[Date "2001.04.10"]
[Round "21"]
[White "dg"]
[Black "Clipso"]
[WhiteElo "1167"]
[BlackElo "1200"]
[PlyCount "57"]
[Result "1-0"]

1.e4 Nf6 2.d4 d6 3.f3 Nc6 4.d5 Ne5 5.f4 Bg4 6.Be2 
Ng6 7.f5 Nf4 8.Bxf4 Nxe4 9.Bxg4 Qd7 10.Nf3 e5 
11.Bg3 h5 12.Bh3 Qb5 13.b3 Qc5 14.Nbd2 Qe3+ 15.Qe2 
Qc3 16.O-O Nc5 17.Ne4 Qb2 18.Nxc5 dxc5 19.Bxe5 Qa3 
20.Bb2+ Be7 21.Bxa3 Rh6 22.Bxc5 Re6 23.Qb5+ c6 
24.Qxb7 Rd8 25.Bxe7 Rd7 26.Qc8+ Kxe7 27.dxe6 Rd8 
28.Qb7+ Kf8 29.Qxf7+ 1-0

[Event "HCL-A109"]
[Site "www.playchess.de"]
[Date "2001.04.10"]
[Round "19"]
[White "Whatever"]
[Black "Ciociosan"]
[WhiteElo "1544"]
[BlackElo "1815"]
[PlyCount "59"]
[Result "1/2-1/2"]

1.e4 {Have a good game.}  c5 {Same to you. Nice to 
meet again!}  2.Nf3 {It is my pleasure. Hopefully 
I don't disgrace the game by dropping a rook.}  d6 
{I'm sure that's not the usual thing for you to 
do!}  3.d4 {I've played games without that - 
you're right.}  cxd4 4.Nxd4 Nf6 5.Nc3 a6 6.Bg5 e6 
7.f4 Qb6 8.Qd2 Qxb2 9.Rb1 Qa3 10.f5 Nc6 11.fxe6 
fxe6 12.Nxc6 bxc6 13.Be2 Be7 14.O-O O-O 15.Rb3 
Qc5+ 16.Be3 Qe5 17.Bf4 Qc5+ 18.Be3 Qe5 19.Bf4 Nxe4 
20.Nxe4 Qxe4 21.Bxd6 Rxf1+ 22.Bxf1 Bf6 23.Ba3 Qd4+ 
24.Qxd4 Bxd4+ 25.Kh1 e5 26.Bc4+ Kh8 27.Rf3 Bg4 
28.Rf7 Rb8 29.h3 Bh5 {Looks like you have a point. 
Very annoying. My documentation is too old: 13 Be2 
good for black?!}  30.Rc7 {I guess 13 Be2 is! 
better for black. But after 22.Kxf1 I could force 
the draw.}  1/2-1/2

[Event "HCL-A109"]
[Site "www.playchess.de"]
[Date "2001.04.10"]
[Round "20"]
[White "Ciociosan"]
[Black "One_i"]
[WhiteElo "1815"]
[BlackElo "1706"]
[PlyCount "75"]
[Result "1-0"]

1.e4 d5 {Good luck to you from Canada}  2.exd5 
{Hi! Likewise!}  Nf6 3.c4 e6 4.dxe6 Bxe6 5.Nf3 {.} 
 Bc5 6.d4 Bb4+ 7.Nc3 O-O 8.Be2 Ne4 9.Qb3 Nxc3 
10.bxc3 Be7 11.Qxb7 Nd7 12.Bf4 Rb8 13.Qxa7 Rb2 
14.Qxc7 Qxc7 15.Bxc7 Rc8 16.Ba5 Ra8 17.Bb4 Bxb4 
18.cxb4 Raxa2 19.Rxa2 Rxa2 20.d5 Bg4 21.c5 Bxf3 
22.Bxf3 Ra1+ 23.Bd1 Rb1 24.c6 Nb6 25.d6 Kf8 26.O-O 
Rxb4 27.Bf3 Ke8 {it's obvious who's going to win, 
but I'll be a nice guy and offer you a draw!}  
28.Re1+ {Thanks for the offer, but I'll try to 
hang on and survive!}  Kd8 {Wow! You speak English 
very well! Have you ever heard of Anne of Green 
Gables?}  29.g3 {No, who is that?}  Nc8 {Fictional 
character taught in some Japanese schools.}  30.d7 
{Really? Or are you trying to distract me?!}  Nd6 
{The setting of the story is Prince Edward Island, 
Canada.}  31.Ra1 {If it is a long story we may not 
have time for it! Can you give me the title 
again?}  Rb8 {Anne of Green Gables by Lucy Maud 
Montgomery.}  32.Ra7 {Thank you. You seem such a 
nice guy that it almost hurts to make this move!}  
Rb1+ {That's ok. That's the way the game goes.}  
33.Kg2 {I found your story on the web. But I think 
I'm a bit too old for it now!}  Ke7 {Yes, an old 
lady like you wouldn't be interested in a little 
orphan girl!}  34.Ra8 {Slightly sensitive remark, 
but I assume you do not know the story of 
Ciociosan!}  Nb7 {Sorry,didn't mean to offend you. 
No, I don't know the story of Ciociosan.}  35.cxb7 
{15, married to american, made baby, wasn't 
allowed to keep it, then killed herself: Opera by 
Puccini}  Kxd7 {A tragedy.You must like her very 
much because you are using her name and age.}  
36.b8Q {%}  Rxb8 {What does % mean? I've seen it a 
few times before.}  37.Rxb8 {May be I wrote too 
much. I asked about it on the forum.}  h6 {Well, 
the game will be over soon. It was nice talking to 
you.}  38.Rb7+ {Yes, likewise. Until the next 
tournament!}  1-0

[Event "HCL-B271"]
[Site "www.playchess.de"]
[Date "2001.04.10"]
[Round "4"]
[White "SAROS"]
[Black "Daniel_Macintyre"]
[WhiteElo "1266"]
[BlackElo "1200"]
[PlyCount "33"]
[Result "1-0"]

1.e4 {Hello from Istanbul}  d6 2.Nf3 Nf6 3.d3 g6 
4.Bg5 Bg7 5.Nc3 O-O 6.Be2 c5 7.Qd2 Nc6 8.Bh6 Ng4 
9.Bxg7 Kxg7 10.h3 Nge5 11.O-O-O Qb6 12.Nxe5 Nxe5 
13.f4 Nc6 14.Nd5 Qa6 15.a3 b5 16.Qc3+ Kg8 
17.Nc7 1-0